Xpac - Ta - Cút : Tiểu thuyết lịch sử
Ra-Pha -En-Lô Giô-Va-Nhô-Li ( 1838 - 1915 ) là nhà văn lớn nỗi tiếng người Ý. Ông rất thông thạo lịch sử chính trị và có kiến thức quân sự của một sĩ quan tham mưu. Xpác-ta-cút là tác phẩm nỗi tiếng nhất của ông viết về cuộc khởi nghĩa g...
Sparad:
| Huvudupphovsman: | |
|---|---|
| Materialtyp: | Bok |
| Språk: | Undetermined |
| Publicerad: |
Hà Nội
Văn học
2010
|
| Ämnen: | |
| Taggar: |
Lägg till en tagg
Inga taggar, Lägg till första taggen!
|
| Thư viện lưu trữ: | Trung tâm Học liệu Trường Đại học Cần Thơ |
|---|
| LEADER | 01227nam a2200217Ia 4500 | ||
|---|---|---|---|
| 001 | CTU_167123 | ||
| 008 | 210402s9999 xx 000 0 und d | ||
| 020 | |c 120000 | ||
| 082 | |a 853 | ||
| 082 | |b Gi450 | ||
| 100 | |a Giô-va-nhô-li, Ra-pha-en-lô | ||
| 245 | 0 | |a Xpac - Ta - Cút : | |
| 245 | 0 | |b Tiểu thuyết lịch sử | |
| 245 | 0 | |c Ra-pha-en-lô Giô-va-nhô-li ; Phan Ngọc (dịch) | |
| 260 | |a Hà Nội | ||
| 260 | |b Văn học | ||
| 260 | |c 2010 | ||
| 520 | |a Ra-Pha -En-Lô Giô-Va-Nhô-Li ( 1838 - 1915 ) là nhà văn lớn nỗi tiếng người Ý. Ông rất thông thạo lịch sử chính trị và có kiến thức quân sự của một sĩ quan tham mưu. Xpác-ta-cút là tác phẩm nỗi tiếng nhất của ông viết về cuộc khởi nghĩa giải phóng nô lệ thời cổ đại. Giá trị lớn nhất của tác phẩm ở chổ là tái hiện lại sự thật lịch sử. | ||
| 650 | |a Italian literature,Historical fiction, Italian,Văn học Ý,Tiểu thuyết lịch sử | ||
| 904 | |i Trinh,Qhieu | ||
| 980 | |a Trung tâm Học liệu Trường Đại học Cần Thơ | ||